02354nam a22002417a 450000500170000000800410001702000180005804000070007604100080008308200180009110000270010924500450013625000120018126000370019330000280023036500620025852015360032065000490185670000270190594200120193299900190194495201490196320250212104524.0250212b ||||| |||| 00| 0 eng d a9781138294103 cAL aeng 223a155bMITF aPeter Mitchell9199307 aFundamentals of developmental psychology a2nd ed. aNew YorkbPsychology Pressc2017 axiii,308pbPBc23x18cm. 2Generala6385b₹876.00c₹d₹1095.00e20%f6/02/2025 aThis new edition of the highly successful Fundamentals of Development: The Psychology of Childhood has been thoroughly revised and updated to reflect the exciting new findings in the thriving area of developmental psychology.The book addresses a number of fascinating questions including: Are children born good or bad What do children understand about the mind? What roles do nature and nurture play in child development As in the previous edition, the book follows a thematic approach and outlines the main areas of developmental psychology, including classic theories and studies, and offers a broad overview of contemporary research in the field. Each chapter addresses a key topic – such as theory of mind, attachment, and moral development - and is self-contained and comprehensive in its coverage. New chapters in this edition include a detailed look at methods in developmental psychology, an overview of developmental disorders, and an introduction to the burgeoning area of numerical development. The book is student-friendly, with all topics described in straightforward language, illustrated in full colour, and organized as standalone chapters. The text will make an excellent companion to introductory courses on developmental psychology, and for instructors there are high-quality lecture slides, and a bank of multiple choice questions. The text is written to be both accessible and comprehensive, and to provide an engaging overview for students and professionals who have little or no background in this area. 2PsychologyaDevelopmental Psychology9199308 aZiegler, Fenja9199309 2ddccBK c233757d233757 00102ddc40708CPSYaSACPGbSACPGd2025-02-10eBiblios Book Pointg876.00l0o155 MITFpPG024889r2025-02-12 00:00:00v1095.00w2025-02-12yBK